Southville International School and Colleges
Your cart is empty.
  • Cart
  • Lists
    Public lists Eva Luna New books Lux_list list_1
    Your lists Log in to create your own lists
  • Log in to your account
  • Your cookies
  • Search history
Southville International School and Colleges
  • Advanced search
  • Recent comments
  • Most popular
  • Libraries

Log in to your account

Log in with GOOGLE


If you do not have an external account, but do have a local account, you can still log in:

  1. Home
  2. MARC view: Classic tales :
Normal view MARC view ISBD view

Classic tales : (Record no. 344031)

[ view plain ]
MARC details
000 -LEADER
fixed length control field 00542nam a2200217Ia 4500
008 - FIXED-LENGTH DATA ELEMENTS--GENERAL INFORMATION
fixed length control field 170918s9999 xx 000 0 und d
020 ## - INTERNATIONAL STANDARD BOOK NUMBER
International Standard Book Number 9780545668200
050 ## - LIBRARY OF CONGRESS CALL NUMBER
Item number S857cl 2006
100 ## - MAIN ENTRY--PERSONAL NAME
Personal name Stilton, Geronimo
245 ## - TITLE STATEMENT
Title Classic tales :
245 ## - TITLE STATEMENT
Remainder of title treasure island /
245 ## - TITLE STATEMENT
Statement of responsibility, etc by Geronimo Stilton and Robert Louis Stevenson.
260 ## - PUBLICATION, DISTRIBUTION, ETC. (IMPRINT)
Place of publication, distribution, etc USA :
260 ## - PUBLICATION, DISTRIBUTION, ETC. (IMPRINT)
Name of publisher, distributor, etc Scholastic,
260 ## - PUBLICATION, DISTRIBUTION, ETC. (IMPRINT)
Date of publication, distribution, etc 2006
300 ## - PHYSICAL DESCRIPTION
Extent 200 pages :
300 ## - PHYSICAL DESCRIPTION
Other physical details color illustrations ;
300 ## - PHYSICAL DESCRIPTION
Dimensions 19cm.
300 ## - PHYSICAL DESCRIPTION
Accompanying material Classic tales.
500 ## - GENERAL NOTE
General note 630
Holdings
Withdrawn status Lost status Damaged status Home library Current library Date acquired Total Checkouts Full call number Barcode Date last seen Price effective from Koha item type
      Stonyhurst Southville International School (Malarayat) Stonyhurst Southville International School (Malarayat) 09/18/2017   GS FIC S857cl 2006 SSISM3103 09/18/2017 09/18/2017 Books

Classic tales :

APA

Stilton G., .Classic tales. USA: .

Chicago

Stilton Geronimo, .Classic tales. USA: .

Harvard

Stilton G., .Classic tales. USA: .

MLA

Stilton Geronimo, .USA: . .

  • Place hold
  • Print
  • Cite
  • Add to your cart (remove)
  • Save record
    BIBTEX Dublin Core MARCXML MARC (non-Unicode/MARC-8) MARC (Unicode/UTF-8) MARC (Unicode/UTF-8, Standard) MODS (XML) RIS
  • More searches
    Search for this title in:
    Other Libraries (WorldCat) Other Databases (Google Scholar) Online Stores (Bookfinder.com) Open Library (openlibrary.org)

Exporting to Dublin Core...

SOUTHVILLE LIBRARY

Southville International School and Colleges Library

1281 Tropical Ave. Cor. Luxembourg St., BF Homes International, Las Pinas City

Tel. No. 8256374 / 252358 Loc. 117/146

Powered by Koha